Evropské odpovědi na globální výzvy 21. století

Gespeichert in:
Bibliographische Detailangaben
1. Verfasser: Adam, Erfried
Weitere Verfasser: Larischová, Kristina, Rouček, Libor, Kudrnáčová, Štěpánka
Format: Buch
Sprache:Tschechisch
Veröffentlicht: Praha Friedrich-Ebert-Stiftung 2009
Schlagworte:
Tags: Tag hinzufügen
Keine Tags, Fügen Sie das erste Tag hinzu!

MARC

LEADER 00000nam$a2200000$$$4500
001 0098767
005 20240109072120.5
020 |a 978-80-254-4073-5 
041 0 |a cze 
044 |a CZ 
245 1 0 |a Evropské odpovědi na globální výzvy 21. století  |c Erfried Adam, Kristina Larischová, Libor Rouček ; překlad: Štěpánka Kudrnáčová ... [et al.] 
264 1 |a Praha  |b Friedrich-Ebert-Stiftung  |c 2009 
300 |a 143 s. 
610 2 0 |a integrácia ekonomická medzinárodná 
610 2 0 |a globalizácia 
610 2 0 |a problémy spoločenské 
610 2 0 |a spolupráca medzinárodná 
610 2 0 |a regióny 
610 2 0 |a nerovnováha hospodárska 
610 2 0 |a nerovnosť sociálna 
610 2 0 |a kriminalita 
610 2 0 |a terorizmus 
610 2 0 |a úroveň životná 
610 2 0 |a politika bezpečnostná 
610 2 0 |a politika zahraničná 
610 2 0 |a ochrana prostredia životného 
610 2 0 |a trh práce 
610 2 0 |a Európa 
610 2 0 |a Európska únia 
610 2 0 |a Česko 
100 1 |a Adam, Erfried 
700 1 |a Larischová, Kristina 
700 1 |a Rouček, Libor 
700 1 |a Kudrnáčová, Štěpánka